| 000 | 01305nam0a2200361 4500 | ||
|---|---|---|---|
| 001 | RU\NLR\bibl\1427735 | ||
| 005 | 20250615220649.0 | ||
| 010 |
_a978-5-9775-0429-4 _92000 |
||
| 021 |
_aRU _b2009-67472 _94163 |
||
| 035 | _a(nilc)RSL-KNO-004374923 | ||
| 035 | _a(NLR Aleph) 001419656 | ||
| 090 |
_a1334536 _c1334536 |
||
| 100 | _a20090820d2009 |||y0rusy50 ca | ||
| 101 | 0 | _arus | |
| 102 | _aRU | ||
| 105 | _aa zzzz||||| | ||
| 200 | 1 |
_aБиблия C# _fМихаил Фленов |
|
| 210 |
_aСанкт-Петербург _cБХВ-Петербург _d2009 |
||
| 215 |
_a547 с. _cил. _d24 _e1 электрон. опт. диск (CD-ROM) |
||
| 320 | _aБиблиогр.: с. 543 (8 назв.) | ||
| 320 | _aПредм. указ.: с. 545-547 | ||
| 606 | 1 |
_aMICROSOFT .NET FRAMEWORK, система программирования _92290797 _3RU\NLR\auth\661371966 |
|
| 606 | 1 |
_aC#, язык программирования _92206739 _3RU\NLR\auth\661325801 |
|
| 686 |
_aЗ973.2-018.19 я20 _2rubbk |
||
| 686 | _aЗ973.23-018.1 | ||
| 700 | 1 |
_aФленов _bМ. Е. _gМихаил Евгеньевич _4070 |
|
| 801 | 0 |
_aRU _bРКП _c20090820 _grcr |
|
| 801 | 1 |
_aRU _bРГБ _c20090820 |
|
| 801 | 2 |
_aRU _bNLR _c20091020 _grcr |
|
| 942 | _cBOOK | ||
| 980 | _aNB | ||